Elementos de tasación forestal / (Record no. 162053)

MARC details
000 -LEADER
campo de control de longitud fija 00987nam a22002175i 4500
001 - NÚMERO DE CONTROL
campo de control 162053
003 - IDENTIFICADOR DE NÚMERO DE CONTROL
campo de control ES-MaACL
005 - FECHA Y HORA DE LA ÚLTIMA TRANSACCIÓN
campo de control 20250717065808.0
008 - DATOS DE LONGITUD FIJA--INFORMACIÓN GENERAL
campo de control de longitud fija 960416s1880 sp |||| | spa d
040 ## - FUENTE DE CATALOGACIÓN
Centro catalogador/agencia de origen CLM
Lengua de catalogación spa
Centro/agencia transcriptor CLM
100 0# - ENTRADA PRINCIPAL--NOMBRE DE PERSONA
Nombre de persona Piccioli, Francesco.
9 (RLIN) 91820
245 10 - MENCIÓN DEL TÍTULO
Título Elementos de tasación forestal /
Mención de responsabilidad, etc. por Cav. Francisco Piccioli ; traducidos del italiano por R. Álvarez Sereix.
260 ## - PUBLICACIÓN, DISTRIBUCIÓN, ETC.
Lugar de publicación, distribución, etc. Madrid :
Nombre del editor, distribuidor, etc. [s.n.],
Fecha de publicación, distribución, etc. 1880 (
Fabricante Imprenta de Moreno y Rojas)
300 ## - DESCRIPCIÓN FÍSICA
Extensión 215 p., [3] h. pleg. ;
Dimensiones 24 cm.
650 #4 - PUNTO DE ACCESO ADICIONAL DE MATERIA--TÉRMINO DE MATERIA
Término de materia o nombre geográfico como elemento de entrada Ordenación de montes.
9 (RLIN) 143535
700 1# - ENTRADA AGREGADA--NOMBRE PERSONAL
Nombre de persona Álvarez Sereix, Rafael,
Fechas asociadas al nombre 1856-1946
9 (RLIN) 20966
852 ## - LOCALIZACIÓN
Ubicación ES-MaACL
Número de control de estantería G-10183
Nota libre -- Enc. hol.
852 ## - LOCALIZACIÓN
Ubicación ES-MaACL
Número de control de estantería G-9534(3)
Nota libre -- Enc. hol.
-- .- Enc. en un vol. facticio, formando parte de la col. facticia: "Revista de montes. Varios sobre montes, 1880-83, II"
852 ## - LOCALIZACIÓN
Ubicación ES-MaACL
Número de control de estantería T-520-F-5
Nota libre -- Enc. hol.
condición física -- Falto de la cub. original
Nota libre -- Enc. en un vol. facticio
Holdings
Estatus retirado Estado de pérdida Estado de daño No para préstamo Colección Biblioteca de origen Biblioteca actual Ubicación en estantería Fecha de adquisición Total de préstamos Signatura topográfica completa Código de barras Visto por última vez Precio de reemplazo Tipo de ítem Koha Fuente de adquisición
        Colección de folletos Biblioteca del Ateneo de Madrid Biblioteca del Ateneo de Madrid Depósito folletos 17/01/2008   T-520-F-5 1169762 23/02/2023 23/02/2023 Folleto  
        Libros del s. XIX Biblioteca del Ateneo de Madrid Biblioteca del Ateneo de Madrid Sala Pecera Planta 3 17/01/2008   G-10183 1169760 23/02/2023 23/02/2023 Libro impreso antiguo  
        Libros del s. XIX Biblioteca del Ateneo de Madrid Biblioteca del Ateneo de Madrid Sala Pecera Planta 3 17/01/2008   G-9534(3) 1169761 23/02/2023 23/02/2023 Libro impreso antiguo